000 01222nam a22002777a 4500
999 _c119068
_d119068
003 dpl
005 20190502152506.0
008 190502b ||||| |||| 00| 0 eng d
010 _aB-037683
020 _c225.00
035 _aB-037683, B-037705
037 _bCen Lib/Ret
040 _aDPL
_bHN
_c0
082 _a306.0934
_bसोतीवी
100 _aसोती वीरेन्द्र चन्द्र
_956523
245 _aभारतीय संस्कृति की सुगंध /
_cसोती वीरेन्द्र चन्द्र
246 _abhartiya sanskriti ki sugandh /
_bby Soti Virendra Chandra
260 _aदिल्ली
_bचिन्मय ज्ञानपीठ
_c2000
270 _bदिल्ली
_a74, मेधा अपार्टमेंट, मयूर विहार - 1
_e110091
300 _a191पृ.
_c20सेमी(सजिल्द )
650 _aसंस्कृति--भारत
_x
_z
_983202
650 _aधार्मिक दृष्टिकोण
_91227
650 _aCulture - India
_978280
650 _aReligious views
_983203
942 _2ddc
_cHN
_h306.0934
_mसोतीवी